सैनिकी स्पर्श (Record no. 335361)

MARC details
000 -LEADER
fixed length control field 00587nam a2200169Ia 4500
008 - FIXED-LENGTH DATA ELEMENTS--GENERAL INFORMATION
fixed length control field 090711s9999 xx 000 0 und d
082 ## - DEWEY DECIMAL CLASSIFICATION NUMBER
Item number 433
100 ## - MAIN ENTRY--PERSONAL NAME
Personal name भडकवाड बाळासाहेब
245 ## - TITLE STATEMENT
Title सैनिकी स्पर्श
260 ## - PUBLICATION, DISTRIBUTION, ETC. (IMPRINT)
Name of publisher, distributor, etc मायबोली प्रकाशन
Date of publication, distribution, etc 1995
300 ## - PHYSICAL DESCRIPTION
Extent 80
600 ## - SUBJECT ADDED ENTRY--PERSONAL NAME
Personal name भडकवाड बाळासाहेब
630 ## - SUBJECT ADDED ENTRY--UNIFORM TITLE
Uniform title सैनिकी स्पर्श
700 ## - ADDED ENTRY--PERSONAL NAME
Personal name भडकवाड बाळासाहेब
730 ## - ADDED ENTRY--UNIFORM TITLE
Uniform title सैनिकी स्पर्श
942 ## - ADDED ENTRY ELEMENTS (KOHA)
Koha item type Book

No items available.